Oscars 2023 - Statistiques

Statistiques générales
  • Ce quiz a été pris 25 fois
  • Le résultat moyen est 10 sur 23
Statistiques - réponses
Catégories Vainqueurs % Correct
Meilleur Acteur Brendan Fraser
90%
Meilleur Film Everything Everywhere All at Once
81%
Meilleure Actrice Michelle Yeoh
81%
Meilleur Actrice Secondaire Jamie Lee Curtis
76%
Meilleur Scénario original Everything Everywhere All at Once
67%
Meilleur Film en langue étrangère À l'Ouest, rien de nouveau
57%
Meilleur Montage Everything Everywhere All at Once
57%
Meilleur Acteur secondaire Ke Huy Quan
57%
Meilleur Film d'animation Pinocchio
57%
Meilleure photographie À l'Ouest, rien de nouveau
43%
Meilleurs décors À l'Ouest, rien de nouveau
43%
Meilleurs Effets visuels Avatar 2: La voie de l'eau
43%
Meilleure Création de Costumes Black Panther: Wakanda Forever
43%
Meilleure Musique de Film À l'Ouest, rien de nouveau
38%
Meilleur Son Top Gun Maverick
38%
Meilleur Réalisteur Dan Kwan et Daniel Scheinert
33%
Meilleurs Maquillages et Coiffures The Whale
33%
Meilleure Chanson originale Naatu Naatu
29%
Meilleur Scénario adapté Women Talking
29%
Meilleur Film documentaire Navalny
5%
Meilleur Court-métrage de fiction An irish Goodbye
0%
Meilleur Court-métrage d'animation L'Enfant, la Taupe, le Renard et le Cheval
0%
Meilleur Court-métrage documentaire Les Chuchoteurs d'éléphants
0%
Aucun quiz correspondant
Distribution des résultats
% des personnes avec chaque résultat
Percentile par nombre de réponses
Votre historique - résultats
Vous n’avez pas pris ce quiz